| 000 | 00807nam a2200253Ia 4500 | ||
|---|---|---|---|
| 003 | OSt | ||
| 005 | 20220923215750.0 | ||
| 006 | a|||||r|||| 00| 0 | ||
| 007 | ta | ||
| 008 | 220922b |||||||| |||| 00| 0 hin d | ||
| 024 | _a181,616 | ||
| 037 | _cTextual | ||
| 040 |
_aARTS _cARTS _bhin |
||
| 041 |
_2hin _ahin |
||
| 082 | _aO152,1N33x, M2 | ||
| 100 | _aदुष्यन्त कुमार | ||
| 245 | 0 | _aआवाजों के घेरे | |
| 246 | _aĀvājoan ke ghere | ||
| 250 | _aसंस्क0 2 | ||
| 260 |
_aनई दिल्ली _b राजकमल प्रकाशन _c1982 |
||
| 650 |
_aहिन्दी साहित्य _9156264 |
||
| 942 |
_hO152,1N33x, M2 _cTEXL _2CC |
||
| 999 |
_c334993 _d334993 |
||